| 000 | 01518nam0a22003011 4500 | ||
|---|---|---|---|
| 001 | rc\3709388 | ||
| 005 | 20260407090630.0 | ||
| 021 |
_aRU _b[69-112583] |
||
| 035 | _a(NLR Aleph) 007857223 | ||
| 090 |
_a7792700 _c7792700 |
||
| 100 | _a20130115d1969 |||y0rusy50 ca | ||
| 101 | 0 | _arus | |
| 102 | _aRU | ||
| 105 | _aa z ||||| | ||
| 200 | 1 |
_aОценка параметров комплекса вычислительных средств автоматизированной системы управления _fАН СССР. Науч. совет по комплексной проблеме "Оптим. планирование и управление нар. хоз-вом" |
|
| 210 |
_aМосква _cБ. и. _d1969 |
||
| 215 |
_a17 с. _cсхем. _d22 |
||
| 300 | _aАвт. указаны на 3-й с. | ||
| 320 | _aБиблиогр.: с. 15-17 (11 назв.) | ||
| 606 |
_aАвтоматизированные системы планирования и управления _xВычислительные устройства _2psbo |
||
| 700 | 1 |
_aКошарский _bБ.Д. _gБорис Давидович |
|
| 701 | 1 |
_aАшеров _bА.Т. |
|
| 712 | 0 | 2 |
_aАН СССР _bНаучный совет по комплексной проблеме "Оптимальное планирование и управление народным хозяйством" _3RU\NLR\AUTH\8814892 _9303070 |
| 801 | 0 |
_aRU _bNLR _gpsbo |
|
| 801 | 1 |
_aRU _bELAR _2rusmarc |
|
| 852 |
_aNLR _j69-6/13143 |
||
| 942 | _cBOOK | ||
| 980 | _aNB | ||